Formula 1 - Corner Names - Statistics

General Stats
  • This quiz has been taken 212 times
    195 since last reset
  • The average score is 35 of 116
Answer Stats
Answer % Correct
Eau Rouge
86%
Becketts
77%
Curva Parabolica / Curva Alboreto
74%
130R
73%
Casio Triangle / (Bus Stop)
73%
Maggotts
73%
Piscine (Swimming Pool)
71%
Casino
70%
Copse
70%
Bus Stop
69%
S do Senna
69%
Virage Senna
69%
Tamburello
64%
La Rascasse
62%
Variante Ascari
61%
Raidillon
60%
Saint Devote
60%
Spoon
58%
Stowe
55%
Tunnel
55%
Grand Hotel / Fairmont / (Loews)
52%
Nouvelle
52%
Pouhon
52%
Tabac
52%
(Castle)
51%
(Wall of Champions)
49%
Acque Minerali
48%
Esse
48%
L'Epingle / Pits Hairpin
48%
Curva Biassono / Curva Grande
47%
Club
44%
Curve di Lesmo
44%
Hairpin
44%
Mirabeau Bas
44%
Mirabeau Haute
44%
Chapel
43%
La Source
43%
Luffield
43%
Beau Rivage
42%
Blanchimont
42%
Campus / Stavelot
42%
Degner
42%
Villeneuve
42%
Abbey
40%
Tarzanbocht
40%
Farm
39%
Les Combes
38%
Woodcote
36%
(Esses)
35%
Esses
35%
Portier
35%
Village
35%
Anthony Noghes
32%
The Loop
31%
Tosa
31%
Brooklands
30%
Niki Lauda
30%
Rivazza
30%
Massenet
29%
Singapore Sling
27%
Dunlop
26%
Piratella
25%
Rivage / Bruxelles
25%
First
23%
Prima Variante / Variante del Rettifilio
22%
Seconda Variante / Variante della Roggia
22%
Aintree
21%
Jochen Rindt
21%
200R
19%
Curva do Sol
17%
Malmedy
17%
Juncao
16%
Fagnes
14%
Renault
14%
Speakers
13%
Virage Louis Chiron
13%
Campsa
10%
Elf
10%
Last
10%
Repsol
10%
La Caixa
9%
Seat
9%
Foro Sol
8%
Hugeholzbocht
8%
New Holland
8%
Ferradura
6%
Gerlachbocht
6%
Banc Sabadell
5%
Descida do Lago
5%
Europcar
5%
Gresini
5%
Peraltada
5%
Scheivlak
5%
Würth
5%
Bico de Pato
4%
Ese del Lago
4%
Hanst Ernst Bocht
4%
Kumho
4%
Mastersbocht
4%
Memorial Corner
4%
Rob Slotemakerbocht
4%
Sheares
4%
Arie Luyendijk Bocht
3%
Connaught
3%
Esses Moises Solana
3%
Graz
3%
Gyaku Bank / Anti Banked
3%
Horquilla
3%
Laranjinha
3%
Padang
3%
Pinheirinho
3%
Rauch
3%
Stamford
3%
Megulho
1%
Münzer
1%
Point de la Concorde
1%
No matching quizzes found
Score Distribution
Percent of People with Each Score
Percentile by Number Answered
Your Score History
You have not taken this quiz since the last reset